Eastern Utah Libraries Catalog: Duchesne, Heber, Roosevelt, & Vernal

Bears of the north : (Record no. 366198)

MARC details
000 -LEADER
fixed length control field 01354cam a22003498i 4500
001 - CONTROL NUMBER
control field zdenvp b2261627
005 - DATE AND TIME OF LATEST TRANSACTION
control field 20211014164922.0
008 - FIXED-LENGTH DATA ELEMENTS--GENERAL INFORMATION
fixed length control field 200220s2021 mdu b 001 0 eng
010 ## - LIBRARY OF CONGRESS CONTROL NUMBER
LC control number 2020006004
020 ## - INTERNATIONAL STANDARD BOOK NUMBER
International Standard Book Number 9781421439419
Qualifying information (hardcover)
020 ## - INTERNATIONAL STANDARD BOOK NUMBER
Cancelled/invalid ISBN 9781421439426
Qualifying information (ebook)
035 ## - SYSTEM CONTROL NUMBER
System control number (DLC) 2020006004
040 ## - CATALOGING SOURCE
Original cataloging agency DLC
Language of cataloging eng
Description conventions rda
Transcribing agency DLC
Modifying agency DLC
042 ## - AUTHENTICATION CODE
Authentication code pcc
043 ## - GEOGRAPHIC AREA CODE
Geographic area code xb-----
050 00 - LIBRARY OF CONGRESS CALL NUMBER
Classification number QL737.C27
Item number L96 2021
082 00 - DEWEY DECIMAL CLASSIFICATION NUMBER
Classification number 599.78
Edition number 23
092 ## - LOCALLY ASSIGNED DEWEY CALL NUMBER (OCLC)
Classification number 599.78 Lyn
099 ## - LOCAL FREE-TEXT CALL NUMBER (OCLC)
Classification number 599.78 Lynch
100 1# - MAIN ENTRY--PERSONAL NAME
Personal name Lynch, Wayne,
Relator term author,
-- illustrator.
9 (RLIN) 23035
245 10 - TITLE STATEMENT
Title Bears of the north :
Remainder of title a year inside their worlds /
Statement of responsibility, etc text and photographs by Wayne Lynch.
264 #1 - Production, Publication, Distribution, Manufacture, and Copyright Notice.
Place of production, publication, distribution, manufacture Baltimore :
Name of producer, publisher, distributor, manufacturer Johns Hopkins University Press,
Date of production, publication, distribution, manufacture, or copyr 2021.
300 ## - PHYSICAL DESCRIPTION
Extent 338 pages 28 cm.
336 ## - Content Type
Content type term text
337 ## - Media type
Media type term unmediated
338 ## - Carrier type
Carrier type term volume
504 ## - BIBLIOGRAPHY, ETC. NOTE
Bibliography, etc Includes bibliographical references and index.
520 ## - SUMMARY, ETC.
Summary, etc "The author's narrative and photographs follow the polar bear, the brown bear, the Asiatic black bear, and the American black bear through the four seasons of the year. The book is richly illustrated and informative about the biology, ethology, and ecology of bears"--
650 #0 - SUBJECT ADDED ENTRY--TOPICAL TERM
Topical term or geographic name as entry element Bears
Geographic subdivision Northern Hemisphere.
9 (RLIN) 6430534
907 ## - LOCAL DATA ELEMENT G, LDG (RLIN)
a .b458289577
942 ## - ADDED ENTRY ELEMENTS (KOHA)
Source of classification or shelving scheme Dewey Decimal Classification
Koha item type BOOK
Holdings
Withdrawn status Lost status Source of classification or shelving scheme Damaged status Not for loan Collection code Home library Current library Shelving location Date acquired Source of acquisition Total Checkouts Total Renewals Full call number Barcode Date last seen Date checked out Cost, replacement price Price effective from Koha item type
    Dewey Decimal Classification     General NonFiction Wasatch County Library Wasatch County Library Second Floor 10/14/2021 Micromarketing 3 4 599.78 Lyn 34301000651689 03/03/2026 02/15/2023 34.95 10/14/2021 BOOK
This project was made possible through a grant from the Institute of Museum and Library Service administered by the Utah State Library Division.

Wasatch County Library

  • 465 East 1200 South, Heber City, Utah 84032
  • Phone 435-654-1511 | Fax 435-654-6456

Hours

  • Monday - Friday 9:30 AM - 8:00 PM
  • Saturday 9:30 AM - 1:30 PM
  • Closed Sundays and Holidays